banner koha

Crônicas de Reporter: O correspondente internacional conta tudo o que não se diz no ar / (Registro n. 7812)

MARC details
000 -LÍDER
campo de controle de tamanho fixo 01199nam a2200229 a 4500
001 - NÚMERO DE CONTROLE
campo de controle BS0002754
003 - IDENTIFICADOR DO NÚMERO DE CONTROLE
campo de controle BR-BrBNA
005 - DATA E HORÁRIO DA ÚLTIMA TRANSAÇÃO
campo de controle 20230418192123.0
008 - CAMPO DE DADOS FIXOS--INFORMAÇÃO GERAL
campo de controle de tamanho fixo 230308b |||||||| |||| 00| 0 por d
040 ## - FONTE DA CATALOGAÇÃO
Instituição da catalogação original BR-BrBNA
Idioma da catalogação por
Instituição que transcreveu o registro Biblioteca Nacional de Agricultura
041 ## - CÓDIGO DE IDIOMA
Código do idioma do texto/trilha sonora ou título diferente por
072 ## - CÓDIGO DE CATEGORIA DE ASSUNTO
Código de Categoria de Assunto C12
090 ## - NÚMERO DE CHAMADA LOCAL
Número de chamada C12 BS0002754
100 1# - ENTRADA PRINCIPAL--NOME PESSOAL
Nome pessoal Bial, Pedro
245 1# - TÍTULO
Título Crônicas de Reporter: O correspondente internacional conta tudo o que não se diz no ar /
260 3# - PUBLICAÇÃO, DISTRIBUIÇÃO, ETC.
Local de publicação, distribuição, etc. Rio de Janeiro, RJ:
Nome do editor, distribuidor, etc. Objetiva,
Data da publicação, distribuição, etc. 1996.
300 ## - DESCRIÇÃO FÍSICA
Extensão 217 p.
520 3# - NOTA DE RESUMO, ETC
Resumo, etc. O que acontece antes e depois daqueles rápidos segundos em que um repórter internacional entra em nossa casa, com as últimas novidades do mundo? Como é o dia-a-dia dos que passam a viver esse exílio voluntário? Como estar no lugar certo, na hora certa? Em 'Crônicas de Repórter', Pedro Bial vem dividir conosco um pouco desta adrenalina que o olho frio da câmera deixa escapar. São histórias divertidas, trágicas, emocionantes. São pinceladas sensíveis, poéticos flashes do cotidiano, contundentes reflexões de alguém que testemunhou o mundo mudar.
650 ## - ASSUNTO--TERMO TÓPICO
Cabeçalho tópico ou nome geográfico JORNALISMO
909 ## -
-- 202304
-- Sergio Santos
-- 56
-- Sergio Santos
942 ## - ELEMENTOS DE ENTRADA ADICIONADOS (KOHA)
Tipo de material Koha Livros
Exemplares
Situação do descarte Fonte da classificação ou esquema de arquivamento na estante Situação física Não pode ser emprestado Coleção Biblioteca de origem Biblioteca atual Total de empréstimos Número de telefone completo Código de barras Data de último acesso Número do exemplar Tipo de material Koha Situação das perdas Data de aquisição Fonte de aquisição Qualificador de local codificado
  Classificação AGRIS     Acervo Cultural Biblioteca Nacional de Agricultura - Binagri Biblioteca Nacional de Agricultura - Binagri   C12 BS0002754 C12 BS0002754 12/04/2023 01 Livros   2023-04-04 Doação C12

BINAGRI

Telefone: (61)3218-2567/2388/3357/2097 - binagri@agro.gov.br

Ministério da Agricultura e Pecuária , Esplanada dos Ministérios, Bloco D, Anexo B, Brasília/DF, CEP: 70.043-900